[Event "Xtracon Chess Open 2017"]
[Site "Helsingor DEN"]
[Date "2017.07.26"]
[Round "6.129"]
[White "Cuyx, Tomas"]
[Black "Huse, Sigurd Kjelsbol"]
[Result "0-1"]
[WhiteElo "1495"]
[BlackElo "1944"]
[WhiteFideId "244619"]
[BlackFideId "1520717"]
[EventDate "2017.07.22"]

1. d4 d5 2. c4 c6 3. Nf3 Nf6 4. e3 a6 5. Nbd2 Bf5 6. Nh4 Be4 7. Nxe4 Nxe4 8. g3
e6 9. Bg2 Bb4+ 10. Ke2 O-O 11. Bxe4 dxe4 12. Bd2 Be7 13. Ng2 Nd7 14. Re1 b5 15.
Qc2 f5 16. Nf4 Rf6 17. cxb5 cxb5 18. Qb3 Nf8 19. h4 Bd6 20. Bc3 Bxf4 21. exf4
Qe8 22. d5 Qh5+ 23. Kf1 Rg6 24. Be5 Qg4 25. Rac1 Rd8 26. dxe6 Rd3 27. e7+ Rxb3
28. axb3 Kf7 29. exf8=Q+ Kxf8 30. Rc8+ Ke7 31. Rec1 e3 32. R1c5 h5 33. R8c7+ Ke8
34. Rc8+ Kf7 35. R5c7+ Ke6 36. Rc6+ Kd5 37. Rxg6 Qxg6 38. Rd8+ Kc5 39. Bd4+ Kb4
40. Bxe3 Kxb3 41. Bd4 Qg4 42. Kg2 Kc4 43. Rd6 Qe2 44. Bxg7 a5 45. Rc6+ Kb3 46.
Rc5 Ka4 47. Re5 Qc2 48. Re3 b4 49. Kf3 Kb5 50. Re5+ Kc4 51. Re2 Qd1 52. Bf6 Kd3 0-1

[Event "Xtracon Chess Open 2017"]
[Site "Helsingor DEN"]
[Date "2017.07.26"]
[Round "6.130"]
[White "Lenaerts, Robbe"]
[Black "Strachan, Christian C."]
[Result "0-1"]
[WhiteElo "1386"]
[BlackElo "1938"]
[WhiteFideId "236853"]
[BlackFideId "1417215"]
[EventDate "2017.07.22"]

1. d4 d5 2. Nf3 Nf6 3. e3 c6 4. Bd3 Bg4 5. Nbd2 Nbd7 6. O-O e6 7. b3 Bd6 8. Bb2
O-O 9. Qc1 Rc8 10. Ne5 Bh5 11. c4 Bb8 12. f4 Bg6 13. Nxg6 hxg6 14. Rf3 c5 15.
Qe1 cxd4 16. Bxd4 Nc5 17. Bxc5 Rxc5 18. b4 Rc8 19. c5 e5 20. Rf1 exf4 21. exf4
Re8 22. Qf2 Ne4 23. Nxe4 dxe4 24. Bb5 Re7 25. Rad1 Qc7 26. Qe3 Rd8 27. Rd2 a6
28. Be2 Rxd2 29. Qxd2 g5 30. g3 gxf4 31. Rxf4 a5 32. a3 axb4 33. axb4 b6 34. Rf5
bxc5 35. Rxc5 Ba7 36. Qd5 Re5 37. Qd4 Rxc5 38. Kg2 Re5 39. Qd2 Qb6 40. Qe1 Rf5
41. Kh3 Qh6+ 0-1

[Event "Xtracon Chess Open 2017"]
[Site "Helsingor DEN"]
[Date "2017.07.26"]
[Round "6.131"]
[White "Stray, Gunnar"]
[Black "van den Brink, Nienke"]
[Result "1/2-1/2"]
[WhiteElo "2078"]
[BlackElo "1686"]
[WhiteFideId "1501631"]
[BlackFideId "1452568"]
[EventDate "2017.07.22"]

1. Nf3 c5 2. g3 Nf6 3. Bg2 d5 4. O-O e6 5. c4 Be7 6. cxd5 Nxd5 7. Nc3 Nc6 8. a3
Nxc3 9. bxc3 e5 10. d3 O-O 11. Rb1 Rb8 12. Nd2 Qc7 13. Nc4 f6 14. Ne3 Bd6 15.
Qb3+ Kh8 16. Nd5 Qf7 17. e4 Bg4 18. f3 Be6 19. Be3 Rfc8 20. a4 b6 21. c4 Nd4 22.
Qa2 Qd7 23. Rb2 Qe8 24. Rfb1 Qd8 25. Nc3 Nc6 26. Qb3 Bc7 27. Nd5 Nd4 28. Qd1 Bd6
29. Qf1 Qd7 30. Ra1 f5 31. Bh3 Rf8 32. Bxd4 exd4 33. Bxf5 Bxf5 34. exf5 Qxf5 35.
Kg2 h6 36. Re1 Rbe8 37. Re4 Qd7 38. Ra2 Re5 39. Rxe5 Bxe5 40. Re2 Bd6 41. Qd1
Re8 42. Re4 Rf8 43. f4 Kh7 44. g4 Re8 45. f5 Rxe4 46. dxe4 Qe8 47. Kf3 Bxh2 48.
Qh1 Be5 49. Qh5 Qxa4 50. Qg6+ Kh8 51. Ne7 Qb3+ 52. Kf2 Qg3+ 1/2-1/2

[Event "Xtracon Chess Open 2017"]
[Site "Helsingor DEN"]
[Date "2017.07.26"]
[Round "6.132"]
[White "Skovgaard, Emil"]
[Black "Kistrup, Nicolai"]
[Result "0-1"]
[WhiteElo "1764"]
[BlackElo "2177"]
[WhiteFideId "1450972"]
[BlackFideId "1444816"]
[EventDate "2017.07.22"]

1. e4 e5 2. Nf3 Nc6 3. Bb5 a6 4. Ba4 Nf6 5. O-O Be7 6. Re1 b5 7. Bb3 d6 8. c3
O-O 9. h3 Bb7 10. d4 Nd7 11. Nbd2 exd4 12. Nf1 dxc3 13. bxc3 Bf6 14. Bd2 Na5 15.
Rc1 Nc5 16. Qc2 Re8 17. Ng3 Nc4 18. Rcd1 Qe7 19. Be3 Bxe4 20. Nxe4 Qxe4 21. Qxe4
Nxe4 22. Bd4 Nxc3 23. Bxc3 Bxc3 24. Rxe8+ Rxe8 25. Rc1 Ba5 26. Bxc4 bxc4 27.
Rxc4 Bb6 28. Ra4 a5 29. Kf1 Kf8 30. Nd2 Ke7 31. Rh4 h6 32. Nc4 Kd7 33. Rh5 Re4
34. Nxb6+ cxb6 35. Rb5 Rb4 36. Rxb4 axb4 37. Ke2 Kc6 38. Kd2 Kb5 39. Kc2 Ka4 0-1

[Event "Xtracon Chess Open 2017"]
[Site "Helsingor DEN"]
[Date "2017.07.26"]
[Round "6.133"]
[White "Nielsen, Jorgen Kamp"]
[Black "Mejvik, Jacob"]
[Result "0-1"]
[WhiteElo "1751"]
[BlackElo "2085"]
[WhiteFideId "1413279"]
[BlackFideId "1710621"]
[EventDate "2017.07.22"]

1. e4 e5 2. f4 exf4 3. Nf3 Nf6 4. Nc3 d5 5. exd5 Nxd5 6. d4 Bb4 7. Qd3 O-O 8.
Bd2 Re8+ 9. Kf2 Ne3 10. Bxe3 Rxe3 11. Qc4 Bxc3 12. bxc3 Be6 13. d5 Qxd5 14. Qxf4
Rxc3 15. Bd3 Qc5+ 16. Kg3 Qd6 17. Ne5 Nc6 18. Rhe1 Nxe5 0-1

[Event "Xtracon Chess Open 2017"]
[Site "Helsingor DEN"]
[Date "2017.07.26"]
[Round "6.134"]
[White "Verboven, Arnout"]
[Black "Slettebo, Jan"]
[Result "0-1"]
[WhiteElo "1739"]
[BlackElo "2021"]
[WhiteFideId "236012"]
[BlackFideId "1704958"]
[EventDate "2017.07.22"]

1. e4 e5 2. Nf3 Nc6 3. Bc4 Nf6 4. d3 Be7 5. Nbd2 O-O 6. c3 d5 7. Bb3 Be6 8. O-O
Qd7 9. Re1 Bg4 10. exd5 Nxd5 11. Nc4 Bf6 12. Ne3 Nxe3 13. Bxe3 Rad8 14. Bc2 Rfe8
15. h3 Bh5 16. Rc1 e4 17. dxe4 Qc8 18. Qe2 Ne5 19. Kh2 Nxf3+ 20. gxf3 Be5+ 21.
Kg2 Rd6 22. Rh1 Rg6+ 23. Kf1 Rf6 24. Bd1 Bxf3 25. Qxf3 Rxf3 26. Bxf3 Qe6 27. b4
Qc4+ 28. Kg2 Re6 29. Bd4 Rg6+ 30. Bg4 h5 31. Bxe5 Qxe4+ 32. f3 Qe2+ 0-1

[Event "Xtracon Chess Open 2017"]
[Site "Helsingor DEN"]
[Date "2017.07.26"]
[Round "6.135"]
[White "Nesse, David"]
[Black "Philipsen, William Horup"]
[Result "1-0"]
[WhiteElo "1718"]
[BlackElo "1977"]
[WhiteFideId "1519875"]
[BlackFideId "1408470"]
[EventDate "2017.07.22"]

1. e4 e5 2. Nf3 f5 3. Nxe5 Nc6 4. Nxc6 dxc6 5. d4 Qh4 6. exf5 Bxf5 7. Bd3 Bg4 8.
Be2 Nf6 9. Bxg4 Nxg4 10. Qe2+ Be7 11. h3 Nxf2 12. Qxf2 Qe4+ 13. Qe2 Qh4+ 14. Qf2
Qe4+ 15. Kd1 O-O-O 16. Re1 Rxd4+ 17. Bd2 Qd5 18. Rxe7 Rd8 19. c3 Rd3 20. Qf4 Qa5
21. Re5 Qb6 22. Qf5+ R3d7 23. Kc2 Qg1 24. Qg4 g6 25. Re1 Qf2 26. Re2 Qf1 27. Qe6
a6 28. Na3 Qf8 29. Bg5 1-0

[Event "Xtracon Chess Open 2017"]
[Site "Helsingor DEN"]
[Date "2017.07.26"]
[Round "6.136"]
[White "Rasmussen, Lars Garne"]
[Black "Dittrich, Hans-Georg"]
[Result "1-0"]
[WhiteElo "1961"]
[BlackElo "1742"]
[WhiteFideId "1406434"]
[BlackFideId "12923591"]
[EventDate "2017.07.22"]

1. e4 c5 2. Nf3 Nc6 3. Nc3 d6 4. d4 cxd4 5. Nxd4 e5 6. Nf3 Nf6 7. Bc4 a6 8. Ng5
Be6 9. Nxe6 fxe6 10. Bxe6 Nd4 11. Bc4 b5 12. Bd3 Be7 13. Bg5 O-O 14. Bxf6 Bxf6
15. O-O Qe8 16. Nd5 Bd8 17. c3 Ne6 18. a4 bxa4 19. Bc4 Kh8 20. Ne3 Bc7 21. Qxa4
Qg6 22. Bxe6 Qxe6 23. Qc6 Rac8 24. Qxa6 Qb3 25. Qa2 Qb7 26. Nd5 Ra8 27. Qb1 Rxa1
28. Qxa1 Bb8 29. b4 Ba7 30. Qe1 h6 31. Kh1 Qb5 32. Ne7 Kh7 33. f3 Rf6 34. Qd1
Qc4 35. Nd5 Rf8 36. Re1 Bf2 37. Qe2 Qxe2 38. Rxe2 Ra8 39. g3 Ra1+ 40. Kg2 Ba7
41. Rc2 h5 42. c4 Bd4 43. c5 dxc5 44. bxc5 g5 45. Kh3 Ra3 46. c6 Rxf3 47. c7 1-0

[Event "Xtracon Chess Open 2017"]
[Site "Helsingor DEN"]
[Date "2017.07.26"]
[Round "6.138"]
[White "Easwaralingam, Adesh"]
[Black "Tolba, Henri"]
[Result "1-0"]
[WhiteElo "1941"]
[BlackElo "1729"]
[WhiteFideId "1448552"]
[BlackFideId "1418246"]
[EventDate "2017.07.22"]

1. e4 c6 2. Bc4 d5 3. Bb3 e6 4. exd5 exd5 5. Ne2 Nf6 6. O-O Bd6 7. h3 O-O 8. c3
Bf5 9. Bc2 Bxc2 10. Qxc2 Nbd7 11. d3 Re8 12. Be3 Ne5 13. Nd2 Bc7 14. Rfe1 Ng6
15. Nf3 h6 16. Qd2 a6 17. a4 Ne5 18. Nfd4 Qd7 19. Ng3 c5 20. Ndf5 Kh7 21. Bxh6
Nf3+ 22. gxf3 Bxg3 23. Qg5 Rg8 24. Bxg7 Bf4 25. Qh4+ Kg6 26. Qxf6+ Kh5 27. Ng3+
Bxg3 28. Qh6# 1-0

[Event "Xtracon Chess Open 2017"]
[Site "Helsingor DEN"]
[Date "2017.07.26"]
[Round "6.139"]
[White "Kirkebaekke, Mark"]
[Black "Bering, Anders"]
[Result "1-0"]
[WhiteElo "1716"]
[BlackElo "1940"]
[WhiteFideId "1414917"]
[BlackFideId "1405810"]
[EventDate "2017.07.22"]

1. e4 e6 2. d4 d5 3. exd5 exd5 4. c4 Nf6 5. Nc3 Be7 6. Nf3 Bg4 7. Qb3 Bxf3 8.
gxf3 Nc6 9. cxd5 Na5 10. Qa4+ c6 11. b4 Nxd5 12. Nxd5 Qxd5 13. bxa5 Qxf3 14. Rg1
Qc3+ 15. Kd1 Qxa1 16. Kc2 Rd8 17. a6 Qxd4 18. Qxd4 Rxd4 19. axb7 O-O 20. Bb2 Bf6
21. Bxd4 Bxd4 22. Bh3 Be5 23. Bc8 Bxh2 24. Rg3 1-0

[Event "Xtracon Chess Open 2017"]
[Site "Helsingor DEN"]
[Date "2017.07.26"]
[Round "6.140"]
[White "Lindgaard, Tobias Simon"]
[Black "Kocur, Marc"]
[Result "1-0"]
[WhiteElo "1705"]
[BlackElo "1934"]
[WhiteFideId "1419820"]
[BlackFideId "205036"]
[EventDate "2017.07.22"]

1. Nf3 Nc6 2. g3 e5 3. d3 f5 4. c4 Nf6 5. Nc3 Bb4 6. Bg2 O-O 7. O-O d6 8. Qb3 a5
9. c5+ Kh8 10. Ng5 Bxc3 11. bxc3 d5 12. e4 a4 13. Qd1 fxe4 14. dxe4 d4 15. f4
Bg4 16. Qd3 dxc3 17. Qxc3 Nd4 18. Kh1 Be2 19. Re1 Qd7 20. fxe5 Ng4 21. e6 Nb5
22. exd7 Nxc3 23. Bb2 Nf2+ 24. Kg1 Bg4 25. Bxc3 h6 26. e5 hxg5 27. e6 Nd3 28. e7
Nxe1 29. exf8=Q+ Rxf8 30. Rxe1 Bxd7 31. Re7 1-0

[Event "Xtracon Chess Open 2017"]
[Site "Helsingor DEN"]
[Date "2017.07.26"]
[Round "6.141"]
[White "Nielsen, Peter"]
[Black "Lunde, Sigmund"]
[Result "1-0"]
[WhiteElo "1694"]
[BlackElo "1932"]
[WhiteFideId "1707485"]
[BlackFideId "1511351"]
[EventDate "2017.07.22"]

1. c4 e5 2. Nc3 Nf6 3. g3 c6 4. Bg2 Be7 5. e3 O-O 6. Nge2 Na6 7. a3 d5 8. cxd5
cxd5 9. b4 Nc7 10. O-O Bd7 11. Bb2 Bc6 12. d3 d4 13. exd4 Bxg2 14. Kxg2 exd4 15.
Ne4 Ne6 16. Nxf6+ Bxf6 17. Qb3 b5 18. Rac1 Qd7 19. Rc2 Rac8 20. Rfc1 Qb7+ 21. f3
Ng5 22. Rf1 Rxc2 23. Qxc2 Rc8 24. Qd2 Qd7 25. Nf4 Be5 26. Kh1 h6 27. Ng2 Ne6 28.
Rc1 Kf8 29. Rc2 g5 30. Qc1 Rxc2 31. Qxc2 Qd5 32. Ne1 g4 33. Qe2 Ng5 34. Kg2 Bf6
35. Bc1 gxf3+ 36. Nxf3 Kg7 37. Kf2 Nh3+ 38. Kg2 Ng5 39. Kf2 Qc6 40. Bxg5 hxg5
41. h4 gxh4 42. Nxh4 Kf8 43. Qe4 Qxe4 44. dxe4 Ke7 45. Ke2 Be5 46. Nf5+ Kf6 47.
Kd3 Kg5 48. Nxd4 a6 49. Nf3+ Kf6 50. Nxe5 Kxe5 51. Ke3 1-0

[Event "Xtracon Chess Open 2017"]
[Site "Helsingor DEN"]
[Date "2017.07.26"]
[Round "6.142"]
[White "Alfven, Jorgen"]
[Black "Svensson, Anders 1980"]
[Result "0-1"]
[WhiteElo "1927"]
[BlackElo "1723"]
[WhiteFideId "1715950"]
[BlackFideId "1727818"]
[EventDate "2017.07.22"]

1. d4 Nf6 2. c4 g6 3. Nc3 Bg7 4. e4 d6 5. Nf3 O-O 6. Be2 e5 7. d5 Na6 8. O-O Nc5
9. Nd2 a5 10. Re1 Ne8 11. Nf1 f5 12. f3 f4 13. b3 Nf6 14. a3 Nh5 15. Rb1 Bf6 16.
b4 axb4 17. axb4 Nd7 18. Qc2 Bh4 19. Rd1 Qg5 20. Bd3 Ndf6 21. c5 Qh6 22. cxd6 g5
23. dxc7 Bg3 24. hxg3 Nxg3 25. Ne2 Qh1+ 26. Kf2 Ng4+ 27. fxg4 f3 28. Nf4 fxg2
29. Nxg3 Qh4 30. Kg1 gxf4 31. Qxg2 fxg3 32. Rf1 Bxg4 33. Be3 Rxf1+ 34. Bxf1 Rf8
35. d6 Bh3 36. Qxh3 Rxf1+ 37. Kxf1 0-1

[Event "Xtracon Chess Open 2017"]
[Site "Helsingor DEN"]
[Date "2017.07.26"]
[Round "6.143"]
[White "Rasmussen, Henrik Egede"]
[Black "Christiansen, Torsten Sundgaar"]
[Result "1/2-1/2"]
[WhiteElo "1926"]
[BlackElo "1718"]
[WhiteFideId "1417800"]
[BlackFideId "1419714"]
[EventDate "2017.07.22"]

1. Nc3 d5 2. e4 dxe4 3. Nxe4 Nf6 4. Nxf6+ gxf6 5. d4 e5 6. Be3 Be6 7. Bb5+ c6 8.
Be2 Nd7 9. dxe5 fxe5 10. Nf3 Rg8 1/2-1/2

[Event "Xtracon Chess Open 2017"]
[Site "Helsingor DEN"]
[Date "2017.07.26"]
[Round "6.144"]
[White "Sondergaard, Lars"]
[Black "Westerlund, Ola"]
[Result "1-0"]
[WhiteElo "1686"]
[BlackElo "1910"]
[WhiteFideId "1406973"]
[BlackFideId "1712101"]
[EventDate "2017.07.22"]

1. e4 g6 2. Nf3 Bg7 3. Bc4 d6 4. c3 Nf6 5. d3 O-O 6. Qb3 c6 7. Qd1 d5 8. exd5
cxd5 9. Bb3 Nc6 10. d4 b5 11. O-O a5 12. Nbd2 b4 13. Re1 e6 14. Nf1 Qb6 15. Bf4
Rd8 16. Ng3 Ba6 17. Rc1 Ne8 18. h4 h5 19. Bc2 Nd6 20. Ne5 Nxe5 21. Bxe5 Ne8 22.
Qf3 bxc3 23. bxc3 Qc6 24. Nxh5 gxh5 25. Qxh5 f6 26. Bh7+ Kf8 27. Bf4 Ra7 28. Re3
f5 29. Be5 Nf6 30. Bxf6 Bxf6 31. Qg6 Rxh7 32. Qxf6+ 1-0

[Event "Xtracon Chess Open 2017"]
[Site "Helsingor DEN"]
[Date "2017.07.26"]
[Round "6.145"]
[White "McAndrew, Robert"]
[Black "Gottschalck, Christian"]
[Result "1/2-1/2"]
[WhiteElo "1909"]
[BlackElo "1705"]
[WhiteFideId "2404915"]
[BlackFideId "1428357"]
[EventDate "2017.07.22"]

1. c4 c5 2. Nf3 Nf6 3. Nc3 Nc6 4. e3 e6 5. d4 cxd4 6. Nxd4 d5 7. Be2 Be7 8. O-O
O-O 9. b3 Ne5 10. f4 Nc6 11. cxd5 exd5 12. Bf3 Bc5 13. Kh1 Nxd4 14. exd4 Bb4 15.
Bd2 1/2-1/2

[Event "Xtracon Chess Open 2017"]
[Site "Helsingor DEN"]
[Date "2017.07.26"]
[Round "6.146"]
[White "Bex, Lennert"]
[Black "Gutierrez Bolado, Juan Antonio"]
[Result "1-0"]
[WhiteElo "1900"]
[BlackElo "1696"]
[WhiteFideId "232254"]
[BlackFideId "2298708"]
[EventDate "2017.07.22"]

1. c4 e5 2. Nc3 Nf6 3. g3 d5 4. cxd5 Nxd5 5. Bg2 Nb6 6. d3 Nc6 7. Nf3 Be7 8. O-O
Be6 9. b3 O-O 10. Bb2 f6 11. Qd2 Qc8 12. Rfc1 Rd8 13. Qe1 Bb4 14. Nd2 Bg4 15. a3
Be7 16. b4 a5 17. b5 Nd4 18. e3 Ne6 19. h3 Bh5 20. g4 Bf7 21. Nc4 Nxc4 22. dxc4
Nc5 23. Nd5 Bd6 24. Rd1 f5 25. Bxe5 Bxd5 26. Bxd5+ Kh8 27. Bxd6 Rxd6 28. Bf3
fxg4 29. Bxg4 Qf8 30. Rxd6 Qxd6 31. Rd1 Qg6 32. Qxa5 Rf8 33. Qxc7 Ne6 34. Qg3
Ng5 35. Rd5 Qb1+ 36. Kg2 Ne4 37. Qf3 Nf6 38. Rc5 Qb2 39. Rc8 Rxc8 40. Bxc8 Qxa3
41. Bxb7 Qc5 42. Bd5 Qd6 43. Qg3 Qf8 44. Qf4 h6 45. b6 Nxd5 1-0

[Event "Xtracon Chess Open 2017"]
[Site "Helsingor DEN"]
[Date "2017.07.26"]
[Round "6.147"]
[White "Sidali, Elias Hulleberg"]
[Black "Sandberg, Martin"]
[Result "1/2-1/2"]
[WhiteElo "1672"]
[BlackElo "1893"]
[WhiteFideId "1530518"]
[BlackFideId "1707159"]
[EventDate "2017.07.22"]

1. e4 g6 2. d4 Bg7 3. Nc3 d6 4. Be3 Nd7 5. Nf3 Ngf6 6. h3 c6 7. a4 O-O 8. Be2 e6
9. O-O d5 10. e5 Ne8 11. Bg5 f6 12. exf6 Nexf6 13. Qd2 Qc7 14. Bf4 Qd8 15. Bg5
Qc7 16. Bf4 1/2-1/2

[Event "Xtracon Chess Open 2017"]
[Site "Helsingor DEN"]
[Date "2017.07.26"]
[Round "6.148"]
[White "Moller, Arne Vang"]
[Black "Larsen, Mette Dalsgaard"]
[Result "1-0"]
[WhiteElo "1890"]
[BlackElo "1679"]
[WhiteFideId "1406175"]
[BlackFideId "1430718"]
[EventDate "2017.07.22"]

1. e4 e5 2. Nf3 d6 3. d4 exd4 4. Nxd4 Nf6 5. Nc3 Be7 6. Be2 Bd7 7. O-O O-O 8.
Be3 Nc6 9. Nxc6 Bxc6 10. f3 Re8 11. Qd2 Qd7 12. Rad1 Rad8 13. Bc4 a6 14. Qf2 Bf8
15. Bg5 h6 16. Be3 Qe7 17. Rfe1 Qe5 18. Bd4 Qa5 19. Bb3 Qg5 20. Be3 Qh5 21. Nd5
Bxd5 22. exd5 Qf5 23. c4 b6 24. Bc2 Qc8 25. Bd4 Nd7 26. f4 Rxe1+ 27. Qxe1 Re8
28. Qc3 Re2 29. Qd3 Rxc2 30. Qxc2 Qe8 31. Qd2 Qd8 32. Re1 Be7 33. Qe2 Kf8 34.
Bxg7+ 1-0

[Event "Xtracon Chess Open 2017"]
[Site "Helsingor DEN"]
[Date "2017.07.26"]
[Round "6.149"]
[White "Nielsen, Carsten Juul"]
[Black "Madsen, Dennis"]
[Result "1-0"]
[WhiteElo "1886"]
[BlackElo "1671"]
[WhiteFideId "1402242"]
[BlackFideId "1425919"]
[EventDate "2017.07.22"]

1. d4 g6 2. c4 Bg7 3. Nc3 d6 4. Nf3 Nh6 5. e4 O-O 6. Be3 f5 7. Qd2 Ng4 8. Bf4
Nc6 9. h3 fxe4 10. hxg4 exf3 11. Be3 Bxg4 12. g3 e5 13. d5 Nd4 14. O-O-O Rf5 15.
Rh4 Bh5 16. Bd3 Rf7 17. Ne4 Nf5 18. Bg5 Bh6 19. Rxh5 gxh5 20. Bxh6 Nxh6 21. Qxh6
Qe7 22. Rh1 Rf5 23. Rxh5 Rxh5 24. Qxh5 Rf8 25. Ng5 1-0

[Event "Xtracon Chess Open 2017"]
[Site "Helsingor DEN"]
[Date "2017.07.26"]
[Round "6.150"]
[White "Loveid, Erik"]
[Black "Rasmussen, Jonas H"]
[Result "1-0"]
[WhiteElo "1640"]
[BlackElo "1885"]
[WhiteFideId "1520067"]
[BlackFideId "1511637"]
[EventDate "2017.07.22"]

1. e4 e5 2. f4 d5 3. Nf3 Nc6 4. exd5 Qxd5 5. Nc3 Qd8 6. fxe5 Bg4 7. Bb5 Ne7 8.
O-O Bxf3 9. Qxf3 Qd4+ 10. Kh1 O-O-O 11. Bxc6 Nxc6 12. Qe4 Bc5 13. d3 Nxe5 14.
Bf4 f6 15. Rae1 Nc6 16. Qf5+ Kb8 17. Bxc7+ Ka8 18. Bxd8 Rxd8 19. Re4 Qd6 20. Nb5
Qf8 21. Nc7+ Kb8 22. Ne6 g6 23. Qxf6 Qxf6 24. Rxf6 Rd5 25. Nxc5 Rxc5 26. c3 Rb5
27. Rxc6 bxc6 28. Rb4 Rxb4 29. cxb4 Kb7 30. Kg1 Kc7 31. Kf2 Kd6 32. Ke3 Ke5 33.
b3 h6 34. g3 Kf5 35. h3 Ke5 36. d4+ Kd5 37. Kd3 Kd6 38. Ke4 Ke6 39. g4 Kd6 40.
h4 Ke6 41. a4 Kd6 42. b5 cxb5 43. axb5 Ke6 44. b4 Kd6 45. d5 g5 46. hxg5 hxg5
47. Kd4 Kd7 48. Kc5 Kc7 49. d6+ Kb7 50. Kd5 Kb8 51. Ke6 Kc8 52. Ke7 a5 53. d7+
Kb7 54. d8=Q axb4 55. Kd6 b3 56. Qc7+ Ka8 57. Kc6 b2 58. Qb7# 1-0

[Event "Xtracon Chess Open 2017"]
[Site "Helsingor DEN"]
[Date "2017.07.26"]
[Round "6.151"]
[White "Rygg, Andreas Gangstad"]
[Black "Aasen, Kjetil Myrlid"]
[Result "0-1"]
[WhiteElo "1633"]
[BlackElo "1881"]
[WhiteFideId "1527754"]
[BlackFideId "1539027"]
[EventDate "2017.07.22"]

1. e4 e6 2. b3 d5 3. Bb2 Nf6 4. e5 Nfd7 5. Qg4 c5 6. f4 Nc6 7. Nf3 Qb6 8. Nc3 a6
9. Be2 c4 10. Na4 Qc7 11. bxc4 dxc4 12. Nc3 b5 13. Ne4 Rg8 14. Nd6+ Bxd6 15.
exd6 Qxd6 16. O-O Bb7 17. Ne5 Ncxe5 18. fxe5 Qxd2 19. Bf3 Bd5 20. Bxd5 Qxd5 21.
Qh5 O-O-O 22. Rxf7 h6 23. Rd1 Qe4 24. Rf2 Rgf8 25. Re2 Qf5 26. Qxf5 Rxf5 27. Rd6
Nc5 28. Red2 Rxd6 29. Rxd6 Ne4 30. Rxe6 Rf2 31. h3 Rxc2 32. Ba3 Rxa2 33. Bf8 g5
34. Bxh6 c3 35. Bxg5 Nxg5 36. Rc6+ Kd7 37. Rxc3 Ke6 38. Re3 Nf7 39. Kh2 b4 40.
h4 Nxe5 41. h5 Kf5 42. Re1 Nf3+ 0-1

[Event "Xtracon Chess Open 2017"]
[Site "Helsingor DEN"]
[Date "2017.07.26"]
[Round "6.152"]
[White "Magnussen, Pal"]
[Black "Dahl, Max"]
[Result "0-1"]
[WhiteElo "1881"]
[BlackElo "1660"]
[WhiteFideId "1711814"]
[BlackFideId "1526626"]
[EventDate "2017.07.22"]

1. e4 e6 2. d3 d5 3. Nd2 b6 4. Ngf3 Bb7 5. g3 Nf6 6. Qe2 Be7 7. Bg2 c5 8. O-O
Nc6 9. exd5 exd5 10. Nb3 O-O 11. Bf4 Re8 12. a4 a5 13. Qd2 Nh5 14. Rae1 Nxf4 15.
Qxf4 Qd7 16. Nc1 Bf6 17. c3 h6 18. h4 d4 19. c4 Nb4 20. g4 Rxe1 21. Rxe1 Bxf3
22. Bxf3 Re8 23. Rxe8+ Qxe8 24. g5 hxg5 25. hxg5 Qe5 26. Qxe5 Bxe5 27. Be4 Bf4
28. Ne2 Bxg5 29. f4 Bd8 30. Kg2 g6 31. f5 gxf5 32. Bxf5 Kg7 33. Kf3 Kf6 34. Be4
Bc7 35. Kg4 Nc2 36. Kh5 Ke5 37. Ng3 Ne3 38. Kh4 f5 39. Bb7 Nd1 0-1

[Event "Xtracon Chess Open 2017"]
[Site "Helsingor DEN"]
[Date "2017.07.26"]
[Round "6.153"]
[White "Wallin, Kenneth"]
[Black "Jarlnaes, Erik"]
[Result "0-1"]
[WhiteElo "1633"]
[BlackElo "1880"]
[WhiteFideId "1712861"]
[BlackFideId "1414623"]
[EventDate "2017.07.22"]

1. d4 Nf6 2. Nf3 e6 3. e3 b6 4. Bd3 Bb7 5. Nbd2 c5 6. O-O d5 7. b3 Bd6 8. Bb2
cxd4 9. Nxd4 O-O 10. Qe2 e5 11. Nf5 e4 12. Bxe4 dxe4 13. Nc4 Bc5 14. Rad1 Qc8
15. Ncd6 Bxd6 16. Nxd6 Ba6 17. c4 Qe6 18. f4 Qg4 19. Qc2 Nbd7 20. f5 Qg5 21. Rf4
Nc5 22. Bxf6 Qxf6 23. b4 Rfd8 24. bxc5 bxc5 25. Nxe4 Qc6 26. Rc1 Re8 27. Kf2 Bb7
28. Kf3 Rxe4 29. Re1 Rxc4+ 0-1

[Event "Xtracon Chess Open 2017"]
[Site "Helsingor DEN"]
[Date "2017.07.26"]
[Round "6.154"]
[White "Myrheim, Hakon Abeland"]
[Black "Langvik, Ulrikke"]
[Result "1-0"]
[WhiteElo "1880"]
[BlackElo "1640"]
[WhiteFideId "1526820"]
[BlackFideId "1517910"]
[EventDate "2017.07.22"]

1. e4 e6 2. d3 c5 3. Nf3 Nc6 4. g3 Nge7 5. Bg2 g6 6. O-O Bg7 7. c3 e5 8. Qe2 d6
9. Nbd2 O-O 10. Rd1 b5 11. Nf1 Rb8 12. h4 h6 13. N1h2 f5 14. exf5 Nxf5 15. g4
Nxh4 16. Nxh4 Qxh4 17. Bxc6 e4 18. Bxe4 Be5 19. f4 Bxf4 20. Bxf4 Rxf4 21. Rf1
Bd7 22. Bd5+ Kh8 23. Rxf4 Qg3+ 24. Bg2 Qxf4 25. Qe7 Bxg4 26. Rf1 Qg3 27. Nxg4
Qxg4 28. Qxd6 Rc8 29. Qe5+ Kg8 30. Qd5+ Kh8 31. Rf7 Re8 32. Rh7+ Kxh7 33. Qf7+
Kh8 34. Qxe8+ Kh7 35. Qe7+ Kh8 36. Qxc5 Qd1+ 37. Kh2 Qxd3 38. Qd4+ Qxd4 39. cxd4
b4 40. Kg3 Kg7 41. Kf4 Kf6 42. d5 h5 43. Ke4 g5 44. Kd4 g4 45. Kc5 a5 46. Kc6
Ke7 47. Kc7 h4 48. d6+ Ke6 49. d7 h3 50. Bf1 a4 51. d8=Q 1-0

[Event "Xtracon Chess Open 2017"]
[Site "Helsingor DEN"]
[Date "2017.07.26"]
[Round "6.155"]
[White "Larsen, Preben R."]
[Black "Bratteteig, Tore-Inge"]
[Result "1-0"]
[WhiteElo "1860"]
[BlackElo "1637"]
[WhiteFideId "1425790"]
[BlackFideId "1510711"]
[EventDate "2017.07.22"]

1. e4 e6 2. d4 d5 3. Nc3 dxe4 4. Nxe4 Nd7 5. Nf3 Ngf6 6. Bd3 Nxe4 7. Bxe4 Nf6 8.
Bd3 c5 9. O-O cxd4 10. Nxd4 Bc5 11. Nb3 Bb6 12. Qf3 Qd5 13. Qxd5 Nxd5 14. Bb5+
Bd7 15. Bxd7+ Kxd7 16. Rd1 Ke7 17. c4 Nb4 18. c5 Bc7 19. a3 Nc6 20. Be3 Be5 21.
Nd4 Nxd4 22. Bxd4 Bxd4 23. Rxd4 Rhd8 24. Rb4 Rd7 25. Kf1 Rc8 26. Rc1 Rcd8 27.
Rc2 Rd1+ 28. Ke2 R8d7 29. Rxb7 Rd5 30. Rxd7+ Rxd7 31. b4 a6 32. Rd2 Rc7 33. Kd3
a5 34. Kc4 axb4 35. axb4 Ra7 36. c6 1-0